Eléments de Mathématique: théorie des ensembles
Kaydedildi:
| Yazar: | |
|---|---|
| Materyal Türü: | Kitap |
| Dil: | Fransızca |
| Baskı/Yayın Bilgisi: |
París, Francia
Hermann
1966
|
| Edisyon: | Segunda edición |
| Seri Bilgileri: | Actualités Scientifiques et Industrielles.
1258 |
| Konular: | |
| Etiketler: |
Etiketle
Etiket eklenmemiş, İlk siz ekleyin!
|
MARC
| LEADER | 00000nam a2200000 a 4500 | ||
|---|---|---|---|
| 001 | UCP0575 | ||
| 003 | CL-VaPUC | ||
| 005 | 20210622202829.0 | ||
| 008 | 990313e19660000FR |||||||||||||||||fre|d | ||
| 999 | |c 279338 |d 279336 | ||
| 040 | |c Pontificia Universidad Católica de Valparaíso | ||
| 082 | 0 | 4 | |a 511.322 BOU 1966 |2 21 |
| 100 | 0 | |a Bourbaki, Nicolás |9 425926 | |
| 245 | 1 | 0 | |a Eléments de Mathématique: théorie des ensembles |
| 250 | |a Segunda edición | ||
| 260 | 0 | 3 | |a París, Francia |b Hermann |c 1966 |
| 300 | |a 104 páginas | ||
| 490 | 0 | |a Actualités Scientifiques et Industrielles. |v 1258 | |
| 505 | |a Chapitre 4: structures. | ||
| 583 | |a last modification |c 19990313 00:00:00 |k Rodrigo Vera | ||
| 650 | 0 | |a Teoría de conjuntos |9 265668 | |
| 650 | 7 | |a MATEMATICA FORMAL |2 CL-VaPUC |9 425927 | |
| 650 | 7 | |a TEOREMAS |2 CL-VaPUC |9 350068 | |
| 650 | 0 | |a Relaciones matemáticas |9 359925 | |
| 942 | |c BK |2 ddc | ||
| 945 | |d 19990313 00:00:00 |a crobeson | ||
| 952 | |0 0 |1 0 |2 ddc |4 0 |6 511_322000000000000_BOU_1966 |7 0 |8 A |9 318400 |a BIBMAT |b BIBMAT |d 2019-11-20 |i 1322117 |o 511.322 BOU 1966 |p 1322117 |r 2025-01-07 |t 1 |w 2019-11-20 |y BK |k MAT | ||
| 952 | |0 0 |1 0 |2 ddc |4 0 |6 511_322000000000000_BOU_1966 |7 0 |8 A |9 318401 |a BIBMAT |b BIBMAT |d 2019-11-20 |i 1322168 |o 511.322 BOU 1966 |p 1322168 |r 2025-01-07 |t 2 |w 2019-11-20 |y BK |k MAT | ||
| 952 | |0 0 |1 0 |2 ddc |4 0 |6 511_322000000000000_BOU_1966 |7 0 |8 A |9 318402 |a BIBMAT |b BIBMAT |d 2019-11-20 |i 1322001 |o 511.322 BOU 1966 |p 1322001 |r 2025-01-07 |t 3 |w 2019-11-20 |y BK |k MAT | ||